000 00604nam a2200193 4500
001 198381
010 _a972-8099-65-7
021 _b103894/96
090 _a198381
100 _a20251013d u||y0pory50 ba
200 _aO aniversário da infanta
_fOscar Wilde
_gilustrações de Graça Martins
_gtradução de M. A. Ferreira
210 _aSintra
_cColares Editora
_d1996
215 _a112,[4] p.
_cBrochado
_d24 cm
606 _91154
_aLiteratura juvenil irlandesa
675 _a821.111(417)-93
_vPT
_zpor
700 _91360
_aWilde
_bOscar
_f1854-1900
801 _aPT
_bBMMN
_gRPC
830 _cAna Caetano
990 _cLIVROS